Z platobnej neschopnosti podnikov sa v SR stal národohospodársky problém

Problém platobnej neschopnosti stavebných podnikov a rizikový úver bánk. Príčiny rozšírenia platobnej neschopnosti. Klasifikácia pohľadávok bánk. Účasť štátov na reštrukturalizácii úverových portfólií. Splácanie úverov v Konsolidačnej banke. Reštrukturalizácia úverov vo VÚB, Slovenskej sporiteľni a...

Ausführliche Beschreibung

Gespeichert in:
Bibliographische Detailangaben
1. Verfasser: Kovalčík, J.
Format: Buchkapitel
Sprache:Slowakisch
Schlagworte:
Tags: Tag hinzufügen
Keine Tags, Fügen Sie das erste Tag hinzu!

MARC

LEADER 00000naa a2200000 4500
001 r023622
005 20230921075851.3
041 0 |a slo 
044 |a SK 
245 1 0 |a Z platobnej neschopnosti podnikov sa v SR stal národohospodársky problém  |c J. Kovalčík 
520 |a Problém platobnej neschopnosti stavebných podnikov a rizikový úver bánk. Príčiny rozšírenia platobnej neschopnosti. Klasifikácia pohľadávok bánk. Účasť štátov na reštrukturalizácii úverových portfólií. Splácanie úverov v Konsolidačnej banke. Reštrukturalizácia úverov vo VÚB, Slovenskej sporiteľni a Investičnej a rozvojovej banke. 
610 2 0 |a insolventnosť 
610 2 0 |a podnik stavebný 
610 2 0 |a riziko bankové 
610 2 0 |a banky 
610 2 0 |a Konsolidačná banka, a.s. Bratislava 
610 2 0 |a VÚB, a.s. Bratislava 
610 2 0 |a Slovenská sporiteľňa, a.s. Bratislava 
610 2 0 |a IRB, a.s. Bratislava 
610 2 0 |a úver 
610 2 0 |a portfólio 
100 1 |a Kovalčík, J.